000 00299nam a22001217a 4500
020 _a067520475501
082 _a670.2854 LAM
100 _aLAMIT,LOUIS GARY , PAIGE,VERNON
_965491
245 _aCOMPUTER-AIDED DESIGN AND DRAFTING
260 _aLONDON
_bMERRILL
_c1987
300 _a572P
942 _cBK
999 _c573680
_d573680